000 00525nam a2200181Ia 4500
008 090124s9999 xx 000 0 und d
082 _b26069
100 _aकाकडे द.स.
245 _a सात एकर जमीन
250 _a0
260 _bप्रिया प्रकाशन
_c1987
300 _a279
600 _aकाकडे द.स.
630 _a सात एकर जमीन
700 _aकाकडे द.स.
730 _a सात एकर जमीन
942 _cBOOK
999 _c97085
_d97085